Statistics for General Knowledge Quiz #25

Click here to take the quiz!

General Stats

  • This quiz has been taken 59,799 times
    (20,798 since last reset)
  • The average score is 11 of 20

Answer Stats

Question Answer % Correct
What country is called the "Land of the Rising Sun"?Japan
90%
What are a group of crows called?a Murder
74%
What type of poem has exactly 17 syllables?Haiku
72%
What country's national rugby union team are known as the Springboks?South Africa
66%
What U.S. state are the Aleutian Islands a part of?Alaska
65%
Which ninja turtle uses nunchucks?Michelangelo
65%
For what crime was Al Capone sent to prison?Tax Evasion
59%
What position does Harry Potter play in quidditch?Seeker
59%
What American religious group bans the consumption of coffee?Latter-Day Saints
58%
What is the first country in the world, alphabetically?Afghanistan
56%
Scarlett O'Hara was the main character of what movie?Gone With the Wind
55%
What was the Democratic Republic of the Congo known as from 1971 to 1997?Zaire
55%
What band was Jim Morrison the lead singer of?The Doors
53%
What Canadian athlete is known as "The Great One"?Wayne Gretzky
41%
What major river delta is located in southern Vietnam?Mekong
41%
Who was the main character of "The Odyssey"?Odysseus
41%
What is Captain Picard's first name?Jean-Luc
40%
What "ism" is often depicted by the letter A surrounded by a circle?{Anarch}ism
40%
What does NIMBY stand for?Not in My Back Yard
36%
What will an octogenarian be in ten years?a Nonagenarian
36%

Score Distribution

Percentile by Number Answered

Percent of People with Each Score

Your Score History

You have not taken this quiz since the last reset